| 000 | 01013nam0a22002531 4500 | ||
|---|---|---|---|
| 001 | rc\4392702 | ||
| 005 | 20130416145918.5 | ||
| 035 | _a(NLR Aleph) 008294719 | ||
| 090 |
_a8598279 _c8598279 |
||
| 100 | _a20130416d1958 |||y0rusy50 ca | ||
| 101 | 0 | _arus | |
| 102 | _aRU | ||
| 105 | _ay z ||||| | ||
| 200 | 1 |
_aДействия населения в радиоактивном и химическом очагах поражения _fВсесоюз. ордена Красного Знамени добровольное о-во содействия армии, авиации и флоту |
|
| 210 |
_aМосква _cБ. и. _d1958 |
||
| 215 |
_a32 с. _d20 |
||
| 225 | 1 | _aВ помощь общественному инструктору ПВО | |
| 700 | 1 |
_aДанилюк _bВ. С. _gВладимир Степанович |
|
| 701 | 1 |
_aВорожцов _bП. Е. _gПетр Ефимович |
|
| 801 | 0 |
_aRU _bNLR _gpsbo |
|
| 801 | 1 |
_aRU _bELAR _2rusmarc |
|
| 852 |
_aNLR _j58-4/16370 |
||
| 942 | _cBOOK | ||
| 980 | _aNB | ||